| 000 | 00559nam a2200169 i 4500 | ||
|---|---|---|---|
| 001 | 100844 | ||
| 003 | ES-MaACL | ||
| 005 | 20230906182749.0 | ||
| 007 | t| | ||
| 008 | 051006s1968 sp ||||1| spa d | ||
| 100 | 1 |
_aMateo Box, José María. _978956 |
|
| 245 | 1 | 0 |
_aRepollos y coles de Bruselas _b: variedades y cultivos / _cJosé Mª Mateo Box. |
| 260 |
_aMadrid : _bMinisterio de Agricultura, _c1968. |
||
| 300 |
_a111 p. con 2 lám., 4 lám. ; _c19 cm. |
||
| 710 | 1 |
_aEspaña. _bMinisterio de Agricultura. _93837 |
|
| 852 |
_aES-MaACL _jC-51551 _bR.67153 |
||
| 999 |
_c100844 _d100844 |
||